ARRUPE JESUIT UNIVERSITY

CORONAVIRUS -STOP THE SPREAD - CLEAN,DISINFECT,COVER

Imagining Citizenship in Zimbabwe (Record no. 118915)

MARC details
000 -LEADER
fixed length control field 00494nam a22001457a 4500
008 - FIXED-LENGTH DATA ELEMENTS--GENERAL INFORMATION
fixed length control field 131202b xxu||||| |||| 00| 0 eng d
050 ## - LIBRARY OF CONGRESS CALL NUMBER
Classification number DT2996.I31 2013
100 ## - MAIN ENTRY--PERSONAL NAME
Personal name Kaulemu, David
9 (RLIN) 4618
245 ## - TITLE STATEMENT
Title Imagining Citizenship in Zimbabwe
Statement of responsibility, etc David Kaulemu
260 ## - PUBLICATION, DISTRIBUTION, ETC. (IMPRINT)
Place of publication, distribution, etc Harare, Zimbabwe
Name of publisher, distributor, etc Konrad Adenauer Stiftung
Date of publication, distribution, etc 2013
300 ## - PHYSICAL DESCRIPTION
Extent x, 183p.;
Dimensions 22cm.
650 ## - SUBJECT ADDED ENTRY--TOPICAL TERM
Topical term or geographic name as entry element Citizenship
General subdivision Politics
-- Social conditions
Chronological subdivision 1980
Geographic subdivision Zimbabwe
9 (RLIN) 4619
700 ## - ADDED ENTRY--PERSONAL NAME
Personal name Kaulem, David
9 (RLIN) 19741
942 ## - ADDED ENTRY ELEMENTS (KOHA)
Source of classification or shelving scheme Library of Congress Classification
Item type Monograph ( Printed materials)
Holdings
Withdrawn status Lost status Source of classification or shelving scheme Damaged status Not for loan Collection code Home library Current library Shelving location Date acquired Total Checkouts Full call number Barcode Date last seen Price effective from Koha item type Date last borrowed Copy number
    Library of Congress Classification     Main Collection ARRUPE LIBRARY ARRUPE LIBRARY Main Collection 02/12/2013   DT2996.I31 2013 46410033 07/12/2017 02/12/2013 Monograph ( Printed materials)    
    Library of Congress Classification     Main Collection ARRUPE LIBRARY ARRUPE LIBRARY Main Collection 10/02/2014 2 DT2996.I31 2013 46412093 07/12/2017 10/02/2014 Monograph ( Printed materials) 17/11/2016  
    Library of Congress Classification     Main Collection ARRUPE LIBRARY ARRUPE LIBRARY Main Collection 10/02/2014   DT2996.I31 2013 46412094 07/12/2017 10/02/2014 Monograph ( Printed materials)    
    Library of Congress Classification     Main Collection ARRUPE LIBRARY ARRUPE LIBRARY Main Collection 08/10/2020   DT2996.I31 2013 46600008309 08/10/2020 08/10/2020 Monograph ( Printed materials)    
    Library of Congress Classification     Main Collection ARRUPE LIBRARY ARRUPE LIBRARY Main Collection 07/10/2021   DT2996.I31 2013 46600007812 07/10/2021 07/10/2021 Monograph ( Printed materials)    
    Library of Congress Classification     Main Collection ARRUPE LIBRARY ARRUPE LIBRARY Main Collection 07/10/2021   DT2996.I31 2013 46600007813 07/10/2021 07/10/2021 Monograph ( Printed materials)   5

 

Arrupe Library. PO Box MP320 Mt Pleasant, Harare, Zimbabwe
263 242 745411|librarian@aju.ac.zw